Taylor Swift Songs By Lyrics - Statistics

General Stats
  • This quiz has been taken 1,888 times
  • The average score is 9 of 15
Answer Stats
Hint Answer % Correct
Dreaming about the day when you wake up and find that what you're looking for has been here the whole time You belong with me
90%
And I left my scarf there at your sisters house and you've still got it in your drawer even now All too well
89%
So this is me swallowing my pride standing in front of you saying im sorry for that night Back to December
88%
Please don't be in love with someone else, Please don't have somebody waiting on you Enchanted
87%
For breakfast at midnight, to fall in love with strangers 22
76%
Rose garden filled with thorns Blank Space
71%
Two paper airplanes flying, flying Out of the woods
68%
Faster than the wind, passionate as sin, ending so suddenly Red
67%
Come back, come back, come back to me like you could, you could if you just said your sorry If this was a movie
56%
If you were here we'd laugh about their vacant stares, but right now my time is theirs Ours
52%
Think of my head on your chest and my old faded blue jeans Tim Mcgraw
48%
You told me I was pretty when I looked like a mess Today was a fairytale
32%
Tonight we'll stand and get off our knees, fight for what we've worked for all these years Change
31%
The other half I'm only trying to let you know that what I feel is true I'm only me when I'm with you
25%
He'll never fall in love he swears as he runs his fingers through his hair, I'm laughing cause I hope hes wrong I'd lie
19%
No matching quizzes found
Score Distribution
Percent of People with Each Score
Percentile by Number Answered
Your Score History
You have not taken this quiz